000 00821nam a2200241Ia 4500
003 OSt
005 20220923212048.0
006 a|||||r|||| 00| 0
007 ta
008 220922b |||||||| |||| 00| 0 hin d
024 _a150,441
037 _cTextual
040 _aARTS
_cARTS
_bhin
041 _2hin
_ahin
082 _aD65,8, 152L8
100 _aशर्मा, श्याम सुन्दर, अनु.
_9157505
245 0 _aवस्तुओं की कार्य प्रणाली
246 _aVastuoan kī kārya praṇālī
260 _aनई दिल्ली
_b थामसन प्रेस
_c1978
300 _a313 पृ.
_ccm.
942 _hD65,8, 152L8
_cTEXL
_2CC
999 _c306121
_d306121